Architectural houses : Country houses

Bibliographic Details
Format: Book
Published: Barcelona : Atrium , 1992
Subjects:

MARC

LEADER 00000cam a2200000 7i4500
001 0000005279
002 000005703
005 20000330.0
020 |a T000000465 
090 0 0 |a 728.6   |b ARC 
245 0 0 |a Architectural houses :   |b Country houses 
255 |a 8 
260 |a Barcelona :   |b Atrium ,   |c 1992 
300 |a 255p. :   |b Pic ;   |c 33cm. 
650 0 0 |a Country houses   |x Architecture 
999 |a 033656   |b BUKU   |c RUJUKAN   |e PERPUSTAKAAN KOMUNITI PETALING JAYA